| 000 | 00979nam a2200289Ia 4500 | ||
|---|---|---|---|
| 003 | OSt | ||
| 005 | 20221006160557.0 | ||
| 006 | a|||||r|||| 00| 0 | ||
| 007 | ta | ||
| 008 | 221006b |||||||| |||| 00| 0 eng d | ||
| 020 |
_a9788132111603 _c1095/= |
||
| 024 | _a45,539 | ||
| 037 |
_bIN/2014-15/1453, 24/03/2015, Selectbook Service Syndicate _cTextual |
||
| 040 |
_aEASL _cEASL _beng |
||
| 041 |
_2eng _aeng |
||
| 082 | _aT:3:(D65).41, Q4 | ||
| 100 |
_aZeng Haijun etc. _9674231 |
||
| 245 | 0 | _aE-learning in China | |
| 260 |
_aNew Delhi _bSage India _c2014 |
||
| 300 |
_a384p. _ccm. |
||
| 490 | _v CEL | ||
| 650 | _a CEL | ||
| 650 |
_a China - E-learning in Universities - Development and politics _9674232 |
||
| 650 |
_aChina - Development of E-learning in Universities - Development _9674233 |
||
| 942 |
_hT:3:(D65).41, Q4 _cTEXL _2CC |
||
| 999 |
_c1113631 _d1113631 |
||